[Event "Icaro 2007"]
[Site "México MEX"]
[Date "2007.04.27"]
[Round "1.1"]
[White "Rodriguez Vila, Andres"]
[Black "Ramirez Garcia, Jorge Alberto"]
[Result "1-0"]
[WhiteElo "2559"]
[BlackElo "2210"]
[PlyCount "37"]
[EventDate "2007.04.27"]
[EventType "swiss"]
[EventRounds "9"]
[EventCountry "MEX"]
[Source "lmi"]
[SourceDate "2007.04.27"]

1. f4 d5 2. Nf3 Nf6 3. g3 Bf5 4. Bg2 Qc8 5. h3 Ne4 6. g4 Bxg4 7. hxg4 Qxg4 8.
O-O Ng3 9. Re1 Qxf4 10. d3 Qd6 11. Nc3 h5 12. e4 d4 13. Nd5 g5 14. Nxg5 f6 15.
e5 fxe5 16. Qf3 c6 17. Qf7+ Kd8 18. Qf2 Ke8 19. Nf7 1-0

[Event "Icaro 2007"]
[Site "México MEX"]
[Date "2007.04.27"]
[Round "1.2"]
[White "Garmendez Gonzalez, Carlos"]
[Black "Mitkov, Nikola"]
[Result "0-1"]
[WhiteElo "2200"]
[BlackElo "2544"]
[PlyCount "88"]
[EventDate "2007.04.27"]
[EventType "swiss"]
[EventRounds "9"]
[EventCountry "MEX"]
[Source "lmi"]
[SourceDate "2007.04.27"]

1. e4 e5 2. Nf3 Nc6 3. Bb5 Nf6 4. O-O Bc5 5. Bxc6 dxc6 6. d3 Qe7 7. Qe2 Bg4 8.
a3 Bd6 9. Nbd2 Nh5 10. Qe3 Nf4 11. c3 O-O 12. d4 f6 13. Kh1 c5 14. dxe5 fxe5
15. Ng1 Be6 16. c4 Qf7 17. b3 Qh5 18. f3 Bd7 19. Rf2 a5 20. a4 Ne6 21. Bb2 Nd4
22. Nf1 Ra6 23. Rd1 Rb6 24. Bxd4 cxd4 25. Qd3 Be7 26. Qc2 Rh6 27. Rd3 Bh4 28.
g3 Be7 29. Rg2 c5 30. Qe2 Rhf6 31. g4 Qf7 32. Ng3 g6 33. Qd2 Ra6 34. N3e2 Kh8
35. Qe1 Bg5 36. h4 Be3 37. Qg3 Qe7 38. g5 Re6 39. Nh3 Qf7 40. Neg1 Re7 41. Qe1
Bxh3 42. Nxh3 Qxf3 43. Ng1 Qxe4 44. Rd1 Rf2 0-1

[Event "Icaro 2007"]
[Site "México MEX"]
[Date "2007.04.27"]
[Round "1.4"]
[White "Piña Gonzalez, Jose Antonio"]
[Black "Perelshteyn, Eugene"]
[Result "0-1"]
[WhiteElo "2277"]
[BlackElo "2531"]
[PlyCount "106"]
[EventDate "2007.04.27"]
[EventType "swiss"]
[EventRounds "9"]
[EventCountry "MEX"]
[Source "lmi"]
[SourceDate "2007.04.27"]

1. e4 c5 2. c4 Nc6 3. Nf3 g6 4. d4 cxd4 5. Nxd4 Nf6 6. Nc3 d6 7. Be2 Nxd4 8.
Qxd4 Bg7 9. Be3 O-O 10. Qd2 Be6 11. O-O Qa5 12. Rad1 Rfc8 13. b3 a6 14. Nd5
Qxd2 15. Rxd2 Nxd5 16. exd5 Bd7 17. Bb6 Bc3 18. Rdd1 Bb4 19. h4 Bc5 20. Bxc5
Rxc5 21. Rd4 b5 22. Re1 Kf8 23. h5 bxc4 24. bxc4 Rb8 25. hxg6 hxg6 26. Bd3 Rb2
27. Re2 Rxe2 28. Bxe2 Ra5 29. Rd2 Kg7 30. Rb2 Kf6 31. g3 Ra3 32. Kf1 g5 33. Ke1
Bf5 34. Bd1 Bd3 35. Rb3 Rxb3 36. axb3 Ke5 37. Kd2 Kd4 38. Bg4 a5 39. Bd7 Be4
40. Be8 Bg6 41. Bd7 Bh7 42. Be8 Bg8 43. Bd7 e5 44. dxe6 fxe6 45. Be8 e5 46. Bh5
Be6 47. Bg6 Bg4 48. Bf7 Bd7 49. Bg8 a4 50. b4 Bf5 51. g4 Be4 52. c5 dxc5 53.
bxc5 Kxc5 0-1

[Event "Icaro 2007"]
[Site "México MEX"]
[Date "2007.04.27"]
[Round "2.1"]
[White "Ibarra Chami, Luis"]
[Black "Rodriguez Vila, Andres"]
[Result "0-1"]
[WhiteElo "2325"]
[BlackElo "2559"]
[PlyCount "42"]
[EventDate "2007.04.27"]
[EventType "swiss"]
[EventRounds "9"]
[EventCountry "MEX"]
[Source "lmi"]
[SourceDate "2007.04.27"]

1. d4 f5 2. Qd3 d5 3. g4 fxg4 4. h3 g3 5. fxg3 Nf6 6. Bg2 Nc6 7. Bf4 g6 8. g4
Bg7 9. c3 O-O 10. Qg3 Ne4 11. Bxe4 dxe4 12. Bxc7 Qd5 13. Qe3 Nxd4 14. Na3 Nb5
15. Nxb5 Qxb5 16. O-O-O Qc4 17. Bg3 Be6 18. b3 Qc6 19. Kb1 b5 20. Rc1 a5 21.
Qd2 a4 0-1

[Event "Icaro 2007"]
[Site "México MEX"]
[Date "2007.04.27"]
[Round "2.2"]
[White "Mitkov, Nikola"]
[Black "Morales Garcia, Sergio Joshafatt"]
[Result "1-0"]
[WhiteElo "2544"]
[BlackElo "2256"]
[PlyCount "77"]
[EventDate "2007.04.27"]
[EventType "swiss"]
[EventRounds "9"]
[EventCountry "MEX"]
[Source "lmi"]
[SourceDate "2007.04.27"]

1. e4 c5 2. Nc3 d6 3. f4 Nc6 4. Nf3 g6 5. Bc4 Bg7 6. O-O e6 7. Qe1 Nge7 8. d3
Nd4 9. Nxd4 cxd4 10. Ne2 d5 11. Bb5+ Bd7 12. Bxd7+ Qxd7 13. e5 Nc6 14. a3 O-O
15. b4 f6 16. exf6 Bxf6 17. Bb2 Rae8 18. Qd2 b5 19. Rae1 e5 20. fxe5 Rxe5 21.
Nf4 Re3 22. Qd1 Be5 23. Ne2 Qg4 24. Rxf8+ Kxf8 25. Bc1 Ne7 26. Bxe3 dxe3 27. h3
Qh4 28. Rf1+ Kg7 29. Qe1 Qxe1 30. Rxe1 d4 31. g4 Kf7 32. Kg2 Ke6 33. Kf3 Kd5
34. c3 dxc3 35. Kxe3 Bf6 36. Nf4+ Kd6 37. Ke4 Nc6 38. Nd5 Be5 39. Rc1 1-0

[Event "Icaro 2007"]
[Site "México MEX"]
[Date "2007.04.27"]
[Round "2.3"]
[White "Vega Garcia, Jorge Arturo"]
[Black "Gonzalez Zamora, Juan Carlos"]
[Result "0-1"]
[WhiteElo "2251"]
[BlackElo "2537"]
[PlyCount "58"]
[EventDate "2007.04.27"]
[EventType "swiss"]
[EventRounds "9"]
[EventCountry "MEX"]
[Source "lmi"]
[SourceDate "2007.04.27"]

1. e4 c5 2. Nf3 d6 3. c3 Nf6 4. Bc4 Nc6 5. d3 a6 6. Bb3 Bg4 7. Nbd2 Bh5 8. O-O
e6 9. Qe1 Be7 10. h3 h6 11. Nh2 g5 12. a4 d5 13. Bc2 Rg8 14. g4 Bg6 15. Qe2 Qc7
16. Re1 O-O-O 17. Ndf3 Nd7 18. Bd2 Bd6 19. Rec1 f5 20. b4 fxg4 21. hxg4 Bf4 22.
b5 Ncb8 23. bxa6 Nxa6 24. Rab1 h5 25. e5 hxg4 26. Nxg5 Bxd2 27. Qxd2 Nxe5 28.
Nxe6 Nf3+ 29. Nxf3 gxf3 0-1

[Event "Icaro 2007"]
[Site "México MEX"]
[Date "2007.04.28"]
[Round "3.1"]
[White "Rodriguez Vila, Andres"]
[Black "Leon Hoyos, Manuel"]
[Result "1-0"]
[WhiteElo "2559"]
[BlackElo "2454"]
[PlyCount "169"]
[EventDate "2007.04.27"]
[EventType "swiss"]
[EventRounds "9"]
[EventCountry "MEX"]
[Source "lmi"]
[SourceDate "2007.04.27"]

1. f4 Nf6 2. Nf3 d5 3. g3 b6 4. Bg2 Bb7 5. O-O g6 6. d3 Bg7 7. c3 Nbd7 8. Na3
O-O 9. h3 Ne8 10. g4 Nd6 11. Qe1 e5 12. fxe5 Nxe5 13. Bf4 Nxf3+ 14. Bxf3 Qe7
15. Nc2 Rfe8 16. Qg3 Rad8 17. Qg2 Ne4 18. Qh2 Nd6 19. Rae1 c5 20. Qg2 Be5 21.
Bd2 Ne4 22. e3 Ng5 23. d4 Bb8 24. Be2 Qe4 25. Rc1 Bc8 26. Be1 Qxg2+ 27. Kxg2
Ne4 28. Rd1 f5 29. dxc5 bxc5 30. b4 fxg4 31. hxg4 Bb7 32. bxc5 d4 33. Bf3 dxc3
34. Rxd8 Rxd8 35. Bxc3 Nxc5 36. Bxb7 Nxb7 37. Nd4 Be5 38. Rb1 Rd7 39. Rb5 Bg7
40. Be1 Kf7 41. Bf2 Nd8 42. Kf3 Ne6 43. Nc6 Rc7 44. Ne5+ Bxe5 45. Rxe5 Nc5 46.
Bg3 Rc6 47. Bh4 Ne6 48. Ra5 a6 49. Bf2 Nc5 50. g5 Ke6 51. e4 Nb7 52. Ra3 Nd6
53. Kf4 Nc4 54. Rh3 Rc7 55. Bd4 Nd6 56. Ra3 Rc4 57. Rd3 Ra4 58. a3 Nb5 59. Bc5
Rc4 60. Bb4 Nd4 61. Rd2 a5 62. Bxa5 Nb3 63. Rd5 Nc5 64. Re5+ Kd7 65. Kf3 Ne6
66. Bb4 Rc1 67. Rd5+ Kc7 68. Bd2 Ra1 69. Ra5 Nd4+ 70. Kf4 Rf1+ 71. Ke3 Nc6 72.
Rd5 Rb1 73. a4 Rb3+ 74. Kf4 Rb1 75. e5 Ra1 76. a5 Nd8 77. Ke4 Ne6 78. Rd6 Ra4+
79. Kd5 Nd4 80. e6 Nf3 81. e7 Rd4+ 82. Kc5 Re4 83. Bf4 Kb7 84. Rd7+ Ka6 85. Bb8
1-0

[Event "Icaro 2007"]
[Site "México MEX"]
[Date "2007.04.28"]
[Round "3.2"]
[White "Dominguez Aguilar, Guillermo"]
[Black "Mitkov, Nikola"]
[Result "1/2-1/2"]
[WhiteElo "2387"]
[BlackElo "2544"]
[PlyCount "42"]
[EventDate "2007.04.27"]
[EventType "swiss"]
[EventRounds "9"]
[EventCountry "MEX"]
[Source "lmi"]
[SourceDate "2007.04.27"]

1. e4 e5 2. Nf3 Nc6 3. d4 exd4 4. Nxd4 Qf6 5. Nxc6 Bc5 6. Qf3 Qxf3 7. gxf3 bxc6
8. Be3 Bxe3 9. fxe3 Rb8 10. Bc4 Ne7 11. Nd2 d6 12. Rg1 g6 13. Rg5 c5 14. O-O-O
Nc6 15. h4 Ke7 16. f4 Bd7 17. a3 Rb6 18. Bd5 Na5 19. e5 Rhb8 20. b3 h6 21. Rg3
h5 1/2-1/2

[Event "Icaro 2007"]
[Site "México MEX"]
[Date "2007.04.28"]
[Round "3.4"]
[White "Zapata, Alonso"]
[Black "Estrada Nieto, Julian"]
[Result "1-0"]
[WhiteElo "2486"]
[BlackElo "2355"]
[PlyCount "188"]
[EventDate "2007.04.27"]
[EventType "swiss"]
[EventRounds "9"]
[EventCountry "MEX"]
[Source "lmi"]
[SourceDate "2007.04.27"]

1. e4 e5 2. Nf3 Nc6 3. Bb5 a6 4. Ba4 Nf6 5. O-O Be7 6. Re1 b5 7. Bb3 d6 8. a4
Bg4 9. c3 O-O 10. d3 Na5 11. Bc2 b4 12. Nbd2 Rb8 13. d4 c5 14. h3 Bxf3 15. Nxf3
Qc7 16. cxb4 Rxb4 17. Bd2 Rxb2 18. dxe5 dxe5 19. Bc3 Rb7 20. Bxe5 Qc8 21. Bxf6
Bxf6 22. e5 Be7 23. Qd3 g6 24. Qxa6 Rb2 25. Qxa5 Rxc2 26. Rac1 Ra2 27. Qb5 Qe6
28. Ra1 Ra8 29. Rxa2 Qxa2 30. Qb7 Re8 31. e6 f6 32. Qb5 Ra8 33. Re4 Qa1+ 34.
Kh2 f5 35. Qb7 Re8 36. Qd7 Kf8 37. Re1 Qa2 38. Kg1 Rd8 39. Qc7 Qxa4 40. Ng5 Rd1
41. Nxh7+ Kg8 42. Nf6+ Kh8 43. Qb8+ Rd8 44. Qe5 Qd4 45. Nd5+ Qxe5 46. Rxe5 Re8
47. Re2 Kg8 48. Ra2 Kf8 49. Ra7 c4 50. Rc7 Bg5 51. f4 Bh4 52. g3 Bd8 53. Rd7 c3
54. Nxc3 Bb6+ 55. Kf1 Rxe6 56. Nd5 Ba5 57. g4 fxg4 58. hxg4 Rc6 59. Ke2 Ke8 60.
Ra7 Bc3 61. Kd3 Bb2 62. Rb7 Ba1 63. g5 Kf8 64. Ke4 Rc4+ 65. Kf3 Rc6 66. Ne3 Bd4
67. Ng4 Re6 68. Rd7 Bb2 69. Ne3 Ke8 70. Rb7 Bd4 71. Nd5 Kf8 72. Rb4 Ba1 73. Ra4
Bb2 74. Ne3 Kf7 75. Ng4 Kf8 76. Ra5 Bc3 77. Rb5 Bd4 78. Ne5 Bxe5 79. fxe5 Ra6
80. Ke4 Ke7 81. Kd5 Ra7 82. e6 Rc7 83. Ke5 Rc1 84. Rb7+ Kf8 85. Kf6 Rf1+ 86.
Kxg6 Re1 87. Rb8+ Ke7 88. Kg7 Rxe6 89. g6 Re1 90. Kg8 Rg1 91. g7 Rh1 92. Rb4
Re1 93. Rh4 Kf6 94. Kh8 Kf7 1-0

[Event "Icaro 2007"]
[Site "México MEX"]
[Date "2007.04.28"]
[Round "4.1"]
[White "Gonzalez Zamora, Juan Carlos"]
[Black "Rodriguez Vila, Andres"]
[Result "1/2-1/2"]
[WhiteElo "2537"]
[BlackElo "2559"]
[PlyCount "118"]
[EventDate "2007.04.27"]
[EventType "swiss"]
[EventRounds "9"]
[EventCountry "MEX"]
[Source "lmi"]
[SourceDate "2007.04.27"]

1. c4 d6 2. Nc3 g6 3. g3 Bg7 4. Bg2 e5 5. Nf3 f5 6. d3 Nf6 7. O-O O-O 8. Rb1 h6
9. b4 g5 10. a4 Nc6 11. b5 Ne7 12. a5 Rb8 13. Qb3 Be6 14. Ba3 b6 15. axb6 axb6
16. Bb4 f4 17. Nd2 fxg3 18. hxg3 Nf5 19. Qd1 Qe8 20. e3 h5 21. Nde4 Qg6 22.
Nxf6+ Rxf6 23. Nd5 Rf7 24. Be4 g4 25. Nxc7 Rxc7 26. Bxd6 Rbc8 27. Bxc7 Rxc7 28.
Ra1 h4 29. Ra8+ Bf8 30. Qa1 Qf6 31. Re8 Re7 32. Rxe7 Bxe7 33. Qa8+ Kg7 34. gxh4
Nxh4 35. Ra1 Nf3+ 36. Kg2 Nh4+ 37. Kg1 Nf3+ 38. Kg2 Nd2 39. Rh1 Bg8 40. Qc6
Nxe4 41. Qxe4 Be6 42. Rh7+ Kg8 43. Rh5 Bd6 44. Kg1 Qg7 45. Qc6 Bf7 46. Qxd6
Bxh5 47. Qxb6 g3 48. Qe6+ Kh7 49. Qf5+ Kh6 50. b6 gxf2+ 51. Kxf2 Qe7 52. Kg3
Bg6 53. Qf3 Bxd3 54. b7 Qd8 55. Qg4 Qb6 56. Qh4+ Kg6 57. Qg4+ Kh6 58. Qh4+ Kg6
59. Qg4+ Kh6 1/2-1/2

[Event "Icaro 2007"]
[Site "México MEX"]
[Date "2007.04.28"]
[Round "5.1"]
[White "Rodriguez Vila, Andres"]
[Black "Perelshteyn, Eugene"]
[Result "0-1"]
[WhiteElo "2559"]
[BlackElo "2531"]
[PlyCount "152"]
[EventDate "2007.04.27"]
[EventType "swiss"]
[EventRounds "9"]
[EventCountry "MEX"]
[Source "lmi"]
[SourceDate "2007.04.27"]

1. e4 c5 2. Nf3 g6 3. d4 cxd4 4. Nxd4 Nc6 5. Nc3 Bg7 6. Nb3 Nf6 7. g4 d6 8. g5
Nd7 9. Be3 b6 10. f4 Bb7 11. Bg2 Nc5 12. Qd2 Rc8 13. O-O-O O-O 14. h4 Nb4 15.
Kb1 Nxe4 16. Bxe4 Bxe4 17. Nxe4 Rxc2 18. Qxc2 Nxc2 19. Kxc2 Qc8+ 20. Nc3 Qf5+
21. Rd3 Rc8 22. Bd2 b5 23. a3 a5 24. Nxa5 d5 25. Rhh3 d4 26. Nb3 dxc3 27. bxc3
Rd8 28. Bc1 h5 29. gxh6 Bf6 30. Rhe3 Rd6 31. Bd2 Kh7 32. Bc1 Qxf4 33. Nd4 e5
34. Nf3 Rxd3 35. Rxd3 Qa4+ 36. Kb2 e4 37. Rd7 Bxc3+ 38. Kxc3 b4+ 39. axb4 Qxd7
40. Ng5+ Kxh6 41. Nxe4+ Kg7 42. Bg5 f5 43. Nc5 Qd5 44. Nd3 Kf7 45. Nf4 Qe4 46.
b5 Qa4 47. b6 Qc6+ 48. Kd4 Qxb6+ 49. Kd5 Qc7 50. Kd4 Qd6+ 51. Ke3 Qe5+ 52. Kf3
Qe4+ 53. Kg3 Qe3+ 54. Kg2 Qb6 55. Kg3 Qd6 56. Kh3 Ke8 57. Kg3 Kd7 58. Kf3 Kc6
59. Ke3 Kc5 60. Nd3+ Kc4 61. Nf4 Qc6 62. Ne2 Qb6+ 63. Kf3 Kd5 64. Nf4+ Kd4 65.
Ne2+ Ke5 66. Bf4+ Kd5 67. Be3 Qc6 68. Bg5 Ke5+ 69. Ke3 Qe4+ 70. Kf2 Qg4 71. Ke3
Qh3+ 72. Kf2 Ke4 73. Ng3+ Kd3 74. Nf1 Qg4 75. Nh2 Qe2+ 76. Kg3 Ke4 0-1

[Event "Icaro 2007"]
[Site "México MEX"]
[Date "2007.04.28"]
[Round "5.2"]
[White "Zapata, Alonso"]
[Black "Gonzalez Zamora, Juan Carlos"]
[Result "0-1"]
[WhiteElo "2486"]
[BlackElo "2537"]
[PlyCount "66"]
[EventDate "2007.04.27"]
[EventType "swiss"]
[EventRounds "9"]
[EventCountry "MEX"]
[Source "lmi"]
[SourceDate "2007.04.27"]

1. e4 c5 2. Nf3 e6 3. d4 cxd4 4. Nxd4 a6 5. Bd3 Bc5 6. Nb3 Ba7 7. Qe2 Nc6 8.
Nc3 d6 9. Be3 Nge7 10. O-O-O b5 11. f4 b4 12. Na4 Bd7 13. Bxa7 Nxa7 14. Nac5
dxc5 15. Nxc5 Qc7 16. Nxd7 Qxd7 17. Bxa6 Qc7 18. f5 exf5 19. exf5 O-O 20. f6
gxf6 21. Rhf1 Qe5 22. Qf2 b3 23. axb3 Nac6 24. Bd3 Nb4 25. Qxf6 Ra1+ 26. Kd2
Rxd1+ 27. Kxd1 Nxd3 28. cxd3 Qh5+ 29. Rf3 Ng6 30. h3 Qd5 31. Qc3 Re8 32. b4 Qa2
33. Kd2 Qe6 0-1

[Event "Icaro 2007"]
[Site "México MEX"]
[Date "2007.04.28"]
[Round "5.3"]
[White "Dominguez Aguilar, Guillermo"]
[Black "Leon Hoyos, Manuel"]
[Result "0-1"]
[WhiteElo "2387"]
[BlackElo "2454"]
[PlyCount "78"]
[EventDate "2007.04.27"]
[EventType "swiss"]
[EventRounds "9"]
[EventCountry "MEX"]
[Source "lmi"]
[SourceDate "2007.04.27"]

1. e4 c5 2. Nf3 g6 3. Nc3 Bg7 4. d4 cxd4 5. Nxd4 Nc6 6. Be3 Nf6 7. Bc4 O-O 8.
Bb3 d6 9. f3 Bd7 10. Qd2 Nxd4 11. Bxd4 b5 12. a4 bxa4 13. Bxa4 Qc7 14. O-O Rfc8
15. Kh1 Qb7 16. Bxd7 Nxd7 17. Nd5 Nb6 18. Nxb6 axb6 19. Bxg7 Kxg7 20. c3 b5 21.
h3 Rc4 22. b3 Rcc8 23. Qd4+ Kg8 24. Qb4 Rc5 25. Ra5 Qc6 26. Rxa8+ Qxa8 27. Rd1
Qa2 28. Rd5 Qa1+ 29. Kh2 Rxc3 30. Rxb5 Rc1 31. Qd2 h5 32. Kg3 Kh7 33. Ra5 Qb1
34. Qd5 Kg7 35. Qd4+ e5 36. Qxd6 Rg1 37. Qxe5+ Kh7 38. Ra8 Qe1+ 39. Kf4 Qd2+
0-1

[Event "Icaro 2007"]
[Site "México MEX"]
[Date "2007.04.28"]
[Round "5.4"]
[White "Estrada Nieto, Julian"]
[Black "Mitkov, Nikola"]
[Result "1/2-1/2"]
[WhiteElo "2355"]
[BlackElo "2544"]
[PlyCount "92"]
[EventDate "2007.04.27"]
[EventType "swiss"]
[EventRounds "9"]
[EventCountry "MEX"]
[Source "lmi"]
[SourceDate "2007.04.27"]

1. e4 e5 2. Nf3 Nc6 3. Bb5 Nf6 4. O-O Nxe4 5. Re1 Nd6 6. Nxe5 Be7 7. Bf1 Nxe5
8. Rxe5 O-O 9. d4 Bf6 10. Re1 Nf5 11. d5 d6 12. Nd2 Bg5 13. Ne4 Bxc1 14. Rxc1
Bd7 15. c4 b6 16. Bd3 Re8 17. b4 a5 18. a3 axb4 19. axb4 Nh4 20. g3 Ng6 21. f4
Bf5 22. Ra1 Bxe4 23. Rxa8 Qxa8 24. Bxe4 Nf8 25. Bf5 Rxe1+ 26. Qxe1 g6 27. Bh3
b5 28. Qc3 bxc4 29. Qxc4 Qa7+ 30. Kf1 h6 31. Qc3 Nh7 32. Bg2 Qb8 33. Bf3 Qd8
34. Kf2 Nf6 35. g4 Nd7 36. Kg3 g5 37. Qe3 gxf4+ 38. Qxf4 Kg7 39. h4 Ne5 40. Be4
Qa8 41. g5 Qa3+ 42. Kh2 Qb2+ 43. Kg3 Qc3+ 44. Kg2 Qb2+ 45. Kg3 Qc3+ 46. Kg2
Qb2+ 1/2-1/2

[Event "Icaro 2007"]
[Site "México MEX"]
[Date "2007.04.29"]
[Round "6.2"]
[White "Leon Hoyos, Manuel"]
[Black "Sanchez Enriquez, Oscar Gerardo"]
[Result "1-0"]
[WhiteElo "2454"]
[BlackElo "2242"]
[PlyCount "45"]
[EventDate "2007.04.27"]
[EventType "swiss"]
[EventRounds "9"]
[EventCountry "MEX"]
[Source "lmi"]
[SourceDate "2007.04.27"]

1. e4 c5 2. Nf3 d6 3. d4 cxd4 4. Nxd4 Nf6 5. Nc3 a6 6. Bc4 e6 7. O-O b5 8. Bb3
Be7 9. Qf3 Qc7 10. Qg3 Nc6 11. Nxc6 Qxc6 12. Re1 Bb7 13. a3 Rd8 14. Bg5 O-O 15.
Rad1 Rd7 16. Rd3 Rfd8 17. Qh4 h6 18. Bxh6 Ne8 19. Bg5 Bxg5 20. Qxg5 Qc5 21. Qh4
Kf8 22. Bd5 Bc6 23. Bxc6 1-0

[Event "Icaro 2007"]
[Site "México MEX"]
[Date "2007.04.29"]
[Round "6.3"]
[White "Rodriguez Vila, Andres"]
[Black "Estrada Nieto, Julian"]
[Result "0-1"]
[WhiteElo "2559"]
[BlackElo "2355"]
[PlyCount "68"]
[EventDate "2007.04.27"]
[EventType "swiss"]
[EventRounds "9"]
[EventCountry "MEX"]
[Source "lmi"]
[SourceDate "2007.04.27"]

1. e4 e5 2. Nf3 Nc6 3. Bc4 Bc5 4. c3 d6 5. d4 exd4 6. cxd4 Bb6 7. Bg5 Nf6 8. d5
Ne5 9. Nxe5 dxe5 10. Qf3 h6 11. Bb5+ Kf8 12. Bh4 g5 13. Bg3 Qe7 14. Nd2 Bd4 15.
Qb3 Kg7 16. Bd3 h5 17. h4 g4 18. O-O-O c6 19. Kb1 cxd5 20. exd5 Rd8 21. Rhe1
Nxd5 22. Nc4 f6 23. Bc2 Be6 24. Qd3 Nb4 25. Qh7+ Kf8 26. Qh8+ Bg8 27. Bf4 Nxc2
28. Bh6+ Kf7 29. Re2 Kg6 30. f4 Bxc4 31. f5+ Kxf5 32. Bf8 Qxf8 33. Qxh5+ Ke6
34. Rxc2 Qg7 0-1

[Event "Icaro 2007"]
[Site "México MEX"]
[Date "2007.04.29"]
[Round "6.4"]
[White "Mitkov, Nikola"]
[Black "Escobedo Tinajero, Alberto"]
[Result "0-1"]
[WhiteElo "2544"]
[BlackElo "2390"]
[PlyCount "142"]
[EventDate "2007.04.27"]
[EventType "swiss"]
[EventRounds "9"]
[EventCountry "MEX"]
[Source "lmi"]
[SourceDate "2007.04.27"]

1. e4 c6 2. d4 d5 3. e5 Bf5 4. c4 dxc4 5. Bxc4 e6 6. Nc3 Ne7 7. Nge2 Nd7 8. Ng3
Nb6 9. Bb3 Qd7 10. O-O Bg6 11. a4 a5 12. Bc2 Bxc2 13. Qxc2 Ned5 14. Nce4 Nb4
15. Qd1 O-O-O 16. Bg5 Re8 17. Nc5 Qc7 18. Nge4 N6d5 19. Rc1 Kb8 20. Bh4 h5 21.
h3 Ka7 22. Qf3 Bxc5 23. Rxc5 b6 24. Rc4 Qd7 25. Qg3 Reg8 26. f4 f5 27. Nd6 g6
28. Qf3 Rh7 29. Rfc1 Na2 30. Ra1 Nab4 31. Kh1 Rhg7 32. Bg5 Rh7 33. Rac1 Na2 34.
Ra1 Nab4 35. Ra3 Kb8 36. Qg3 Nc7 37. Qe1 Ncd5 38. Rf3 Ka7 39. Rb3 Rb8 40. Qg3
Rg8 41. Bh4 Kb8 42. Qg5 Ka7 43. Be1 Qd8 44. Bxb4 Qxg5 45. fxg5 axb4 46. Rxc6
Ka6 47. Rd3 Rc7 48. Rxc7 Nxc7 49. Rd1 Nd5 50. Rc1 Ka5 51. b3 Nc3 52. h4 Rg7 53.
Kh2 Rc7 54. g3 Ka6 55. Kg2 Ka7 56. Kf3 Kb8 57. Rc2 Rc6 58. Ke3 f4+ 59. Kf3 fxg3
60. Kg2 Rc7 61. Kh3 Ka7 62. Rg2 b5 63. axb5 Kb6 64. Rxg3 Nxb5 65. Nc4+ Rxc4 66.
bxc4 Nxd4 67. Kg2 b3 68. Kf2 Kc5 69. Ke3 b2 70. Rg1 Nc2+ 71. Kd2 Na3 0-1

[Event "Icaro 2007"]
[Site "México MEX"]
[Date "2007.04.30"]
[Round "7.1"]
[White "Gonzalez Zamora, Juan Carlos"]
[Black "Leon Hoyos, Manuel"]
[Result "1-0"]
[WhiteElo "2537"]
[BlackElo "2454"]
[PlyCount "63"]
[EventDate "2007.04.27"]
[EventType "swiss"]
[EventRounds "9"]
[EventCountry "MEX"]
[Source "lmi"]
[SourceDate "2007.04.27"]

1. d4 Nf6 2. c4 e6 3. Nf3 b6 4. e3 Bb7 5. Bd3 Be7 6. O-O O-O 7. Nc3 c5 8. d5
exd5 9. cxd5 Nxd5 10. Nxd5 Bxd5 11. Bxh7+ Kxh7 12. Qxd5 Nc6 13. e4 Qc7 14. Qf5+
g6 15. Qh3+ Kg8 16. Bh6 Rfe8 17. Be3 Bf6 18. Ng5 Bxg5 19. Bxg5 Qd6 20. Qh4 Kg7
21. Qh6+ Kg8 22. Rad1 Nd4 23. Rd3 Qe5 24. Rh3 Ne6 25. Qh7+ Kf8 26. f4 Qd4+ 27.
Kh1 Nxg5 28. fxg5 Qg7 29. Rxf7+ Qxf7 30. Rf3 Qxf3 31. gxf3 Rad8 32. Qh8+ 1-0

[Event "Icaro 2007"]
[Site "México MEX"]
[Date "2007.04.30"]
[Round "7.2"]
[White "Escobedo Tinajero, Alberto"]
[Black "Perelshteyn, Eugene"]
[Result "0-1"]
[WhiteElo "2390"]
[BlackElo "2531"]
[PlyCount "126"]
[EventDate "2007.04.27"]
[EventType "swiss"]
[EventRounds "9"]
[EventCountry "MEX"]
[Source "lmi"]
[SourceDate "2007.04.27"]

1. d4 Nf6 2. c4 g6 3. Nc3 Bg7 4. e4 d6 5. f3 a6 6. Be3 c6 7. Qd2 b5 8. b3 Nbd7
9. Nge2 O-O 10. Ng3 e5 11. d5 cxd5 12. cxd5 h5 13. Bd3 Nc5 14. O-O Nxd3 15.
Qxd3 h4 16. Nge2 Nh5 17. Rac1 Bd7 18. Qd2 Rc8 19. Nd1 Rxc1 20. Nxc1 f5 21. Bg5
Bf6 22. Bxf6 Qxf6 23. Nf2 Nf4 24. Ne2 Nxe2+ 25. Qxe2 Qg5 26. Rd1 Rc8 27. h3 Rc3
28. Qd2 Qxd2 29. Rxd2 b4 30. Nd1 Rc1 31. Kf2 f4 32. Ke1 Bb5 33. a4 Bd7 34. Rb2
a5 35. Kd2 Ra1 36. Rc2 Kf8 37. Rc7 Ra2+ 38. Rc2 Rxc2+ 39. Kxc2 Bc8 40. Nb2 Ba6
41. Nc4 Ke7 42. Nxa5 Bf1 43. Nc6+ Kd7 44. a5 Kc7 45. Kd2 Bxg2 46. Ke2 Bxh3 47.
Nxb4 g5 48. Nd3 g4 49. Nf2 gxf3+ 50. Kxf3 Bd7 51. b4 Kb7 52. b5 Bxb5 53. Kg4
Ka6 54. Kxh4 Kxa5 55. Kg5 Kb4 56. Kf6 Kc5 57. Ke7 f3 58. Ke6 Ba4 59. Ke7 Bc2
60. Ke6 Kd4 61. Kxd6 Bxe4 62. Ke6 Bxd5+ 63. Kf5 e4 0-1

[Event "Icaro 2007"]
[Site "México MEX"]
[Date "2007.04.30"]
[Round "7.3"]
[White "Zapata, Alonso"]
[Black "Dominguez Aguilar, Guillermo"]
[Result "1/2-1/2"]
[WhiteElo "2486"]
[BlackElo "2387"]
[PlyCount "91"]
[EventDate "2007.04.27"]
[EventType "swiss"]
[EventRounds "9"]
[EventCountry "MEX"]
[Source "lmi"]
[SourceDate "2007.04.27"]

1. e4 c5 2. Nf3 d6 3. d4 cxd4 4. Nxd4 Nf6 5. Nc3 a6 6. Bc4 e6 7. O-O b5 8. Bb3
b4 9. Na4 Bd7 10. f3 Be7 11. Be3 Qa5 12. c4 bxc3 13. Nxc3 Nc6 14. Qd2 Nxd4 15.
Bxd4 O-O 16. Rfd1 Qh5 17. Rac1 Rab8 18. Ne2 Rfc8 19. Bc4 Bb5 20. Ng3 Qg6 21.
Bxb5 axb5 22. Rxc8+ Rxc8 23. Rc1 Rxc1+ 24. Qxc1 h5 25. Be3 d5 26. Qc8+ Kh7 27.
Qc7 dxe4 28. Qxe7 exf3 29. Qb4 Nd5 30. Qd4 Nxe3 31. Qxe3 h4 32. Qxf3 hxg3 33.
hxg3 Qb1+ 34. Kh2 Qxb2 35. Qxf7 Qe5 36. Qf4 Qh5+ 37. Kg1 Kg6 38. Qe3 Qd1+ 39.
Kh2 Qd5 40. a3 e5 41. Qb6+ Kh7 42. Qc7 e4 43. Qe7 Qh5+ 44. Kg1 Qf5 45. Qe8 Kh6
46. g4 1/2-1/2

[Event "Icaro 2007"]
[Site "México MEX"]
[Date "2007.04.30"]
[Round "7.4"]
[White "Almeida Saenz, Alfonso"]
[Black "Estrada Nieto, Julian"]
[Result "1-0"]
[WhiteElo "2429"]
[BlackElo "2355"]
[PlyCount "112"]
[EventDate "2007.04.27"]
[EventType "swiss"]
[EventRounds "9"]
[EventCountry "MEX"]
[Source "lmi"]
[SourceDate "2007.04.27"]

1. d4 d5 2. Nf3 Nf6 3. c4 dxc4 4. e3 e6 5. Bxc4 c5 6. O-O a6 7. a3 b5 8. Ba2
Bb7 9. Qe2 Nbd7 10. Rd1 Qb6 11. Nc3 Rd8 12. e4 cxd4 13. Nxd4 Ne5 14. Nf3 Rxd1+
15. Qxd1 Nxf3+ 16. Qxf3 Bd6 17. Bf4 O-O 18. Rd1 Rd8 19. h3 Rd7 20. Bb1 Bxf4 21.
Qxf4 Rxd1+ 22. Nxd1 Qd8 23. Ne3 Bc6 24. Bc2 h6 25. Qe5 Qa8 26. f3 Qa7 27. Qc3
Qb6 28. b4 Nd7 29. Kf2 Qc7 30. h4 h5 31. Bb3 Qd6 32. Nc2 Bb7 33. Nd4 Nf6 34.
Qc5 Qf4 35. Ke2 Qxh4 36. Qe5 Kh7 37. Bc2 Qh1 38. Qg5 Kh8 39. Nb3 e5 40. Kf2 Qh2
41. Nc5 Bc8 42. Nd3 Be6 43. Nxe5 Qh1 44. Nd3 Nd7 45. e5 Kg8 46. Nc5 Nf8 47. Ne4
Nh7 48. Nf6+ Nxf6 49. exf6 g6 50. Bxg6 Kf8 51. Be4 Qa1 52. Kg3 Qe1+ 53. Kh2 Qa1
54. Qf4 Bc8 55. Qd6+ Kg8 56. Bc2 h4 1-0

[Event "Icaro 2007"]
[Site "México MEX"]
[Date "2007.05.01"]
[Round "8.1"]
[White "Dominguez Aguilar, Guillermo"]
[Black "Gonzalez Zamora, Juan Carlos"]
[Result "1/2-1/2"]
[WhiteElo "2387"]
[BlackElo "2537"]
[PlyCount "50"]
[EventDate "2007.04.27"]
[EventType "swiss"]
[EventRounds "9"]
[EventCountry "MEX"]
[Source "lmi"]
[SourceDate "2007.04.27"]

1. e4 c5 2. Nf3 a6 3. c3 g6 4. d4 cxd4 5. cxd4 d5 6. exd5 Nf6 7. Nc3 Nxd5 8.
Bc4 Nb6 9. Bb3 Bg7 10. O-O O-O 11. Ne5 Nc6 12. Nxc6 bxc6 13. Be3 Nd5 14. Qf3
Be6 15. Na4 Nxe3 16. fxe3 Bxb3 17. axb3 e5 18. dxe5 Bxe5 19. Rad1 Qb8 20. h3
Qa7 21. b4 Rab8 22. Qe4 Rfe8 23. Kh1 Re7 24. Nc5 Bxb2 25. Qxc6 Qb6 1/2-1/2